00521nam a2200193 a 4500001001300000003000900013005001700022008004100039020000900080082001600089100002800105245004400133260003800177300000900215500003500224505002900259650001100288700002800299nice12345678IN_TiNIC20260116013505.0050524s1989 luca grp 000 0 urd  ac2000a297.4bNAD1 aNadvi, S Abul Hasan Ali aTazkiya Va Ehsaan Ya Tasawwuf Va Sulook aLucknowbMajlis-E-Tahqeeqatc1989 a198p aincludes index and biblioraphy2 avol.Nos. X and XIII only aSufism1 aNadvi, S Abul Hasan Ali